| Tag |
First Indicator |
Second Indicator |
Subfields |
| LEADER |
00000cam a22000001a 4500 |
| 001 |
in00003257421 |
| 006 |
m d f |
| 007 |
cr bn mmmapmmp |
| 008 |
091024s1994 dcua ob f000 0 eng d |
| 005 |
20260511184833.0 |
| 035 |
|
|
|a cis2007463046
|
| 040 |
|
|
|a UMI
|c UMI
|d UtOrBLW
|
| 043 |
|
|
|a n-us---
|
| 074 |
|
|
|a 1010-A
|
| 074 |
|
|
|a 1010-B (MF)
|
| 086 |
0 |
|
|a Y 4.AG 8/1:103-70
|
| 088 |
|
|
|a Serial no. 103-70 (United States. Congress. House. Committee on Agriculture)
|
| 099 |
|
|
|a HRG-1994-HAG-0006
|
| 110 |
1 |
|
|a United States.
|b Congress.
|b House.
|b Committee on Agriculture.
|b Subcommittee on Department Operations and Nutrition.
|
| 245 |
1 |
0 |
|a Plant Variety Protection Act Amendments of 1993 :
|b hearing before the Subcommittee on Department Operations and Nutrition of the Committee on Agriculture, House of Representatives, One Hundred Third Congress, second session, on H.R. 2927, May 24, 1994.
|
| 264 |
|
1 |
|a Washington :
|b U.S. G.P.O. :
|c 1994.
|
| 264 |
|
2 |
|a Washington :
|b For sale by the U.S. G.P.O., Supt. of Docs., Congressional Sales Office,
|
| 300 |
|
|
|a 1 online resource.
|
| 336 |
|
|
|a text
|b txt
|2 rdacontent
|
| 337 |
|
|
|a computer
|b c
|2 rdamedia
|
| 338 |
|
|
|a online resource
|b cr
|2 rdacarrier
|
| 500 |
|
|
|a Record is based on bibliographic data in ProQuest Congressional Hearings Digital Collection. Reuse except for individual research requires license from ProQuest, LLC.
|
| 504 |
|
|
|a Includes bibliographical references.
|
| 538 |
|
|
|a System requirements: PDF reader software.
|
| 500 |
|
|
|a Electronic resource.
|
| 650 |
|
0 |
|a Plant varieties
|z United States
|v Patents.
|
| 650 |
|
0 |
|a Plants, Cultivated
|z United States
|v Patents.
|
| 650 |
|
0 |
|a Plant varieties
|x Protection
|z United States.
|
| 650 |
|
0 |
|a Plant breeding
|z United States.
|
| 655 |
|
7 |
|a Electronic books.
|2 local
|
| 710 |
2 |
|
|a ProQuest (Firm)
|
| 776 |
0 |
8 |
|i Print version:
|a United States. Congress. House. Committee on Agriculture. Subcommittee on Department Operations and Nutrition.
|t Plant Variety Protection Act Amendments of 1993
|w gp 95053002
|w (OCoLC)31223748
|
| 776 |
0 |
8 |
|i Microfiche version:
|a United States. Congress. House. Committee on Agriculture. Subcommittee on Department Operations and Nutrition.
|t Plant Variety Protection Act Amendments of 1993.
|d [Bethesda, Md.] : ProQuest,[2004]
|o CIS 94 H161-38
|w (ProQuest)cis09400036
|
| 830 |
|
0 |
|a U.S. Congressional Hearings.
|
| 856 |
4 |
0 |
|u http://proxy.library.tamu.edu/login?url=https://congressional.proquest.com/congcomp/getdoc?HEARING-ID=HRG-1994-HAG-0006
|z Connect to the full text of this electronic book
|t 0
|
| 998 |
|
|
|a cis09400036
|
| 999 |
|
|
|a MARS
|
| 999 |
f |
f |
|s e39a471d-f3f3-3aa8-9f9a-7cfd3990a554
|i 6a775d31-2b03-3555-a28d-a3a2b8942c11
|t 0
|
| 952 |
f |
f |
|a Texas A&M University
|b College Station
|c Electronic Resources
|s www_evans
|d Available Online
|t 0
|e HRG-1994-HAG-0006
|h Other scheme
|
| 998 |
f |
f |
|a HRG-1994-HAG-0006
|t 0
|l Available Online
|